• 首页
  • 本馆介绍
  • 公告通知
  • 最新文献
  • 馆藏检索
  • 电子资源
  • 读者导购
  • 参考咨询
  • 我的图书馆
  • 登录
  • 详细信息显示
  • 放入我的书架
  • 预约/预借图书
  • 作者相关作品
  • 分类相关作品
  • 丛书相关作品
  • 出版社相关作品

书目信息

  • 表格格式
  • 工作单格式
  • 卡片格式
题名:
特色花卉小品种
    
 
作者: 王意成 编著
分册:  
出版信息: 南京   江苏科学技术出版社  2000
页数: 95页
开本: 19cm
丛书名: 棚室花卉栽培技术丛书
单 册:
中图分类: S629.4
科图分类:
主题词: 花卉--塑料温室--温室栽培 , CT--S032973--花卉 , CT--S071780--塑料温室 , CT--S078458--温室栽培
电子资源:
ISBN: 7-5345-3078-4
000 00965oam2 2200289 45
001 012001046133
005 20050101145159.8
010    @a7-5345-3078-4@dCNY6.50
100    @a20010711d2000 em y0chiy0110 ea
101 0  @achi
102    @aCN@b320000
105    @aa z 000yy
200 1  @a特色花卉小品种@ATe Se Hua Hui Xiao Pin Zhong@f王意成编著
210    @a南京@c江苏科学技术出版社@d2000
215    @a95页@c照片@d19cm
225 2  @a棚室花卉栽培技术丛书
330    @a本书介绍了棚室类型与建造,六出花、金鱼草、洋桔梗、观赏向日葵、蛇鞭菊、紫罗兰的概况,对环境条件的要求,育苗与繁殖,栽培技术,病虫害防治,采收与贮运。
461  0 @12001 @a棚室花卉栽培技术丛书
606 0  @a花卉@x塑料温室@x温室栽培
606 0  @2CT@3S032973@a花卉
606 0  @2CT@3S071780@a塑料温室
606 0  @2CT@3S078458@a温室栽培
690    @aS629.4@v4
701  0 @a王意成@AWang Yi Cheng@4编著
801  0 @aCN@bahty@c20010713
905    @aBZT@dS629.4@e2
906    @dCNY6.50@n0@r1
    
    特色花卉小品种/王意成编著.-南京:江苏科学技术出版社,2000
    95页:照片;19cm.-(棚室花卉栽培技术丛书)
    
    
    ISBN 7-5345-3078-4:CNY6.50
    本书介绍了棚室类型与建造,六出花、金鱼草、洋桔梗、观赏向日葵、蛇鞭菊、紫罗兰的概况,对环境条件的要求,育苗与繁殖,栽培技术,病虫害防治,采收与贮运。
●
相关链接 在五车中查询图书 在当当中查询图书 在豆瓣中查询图书


正题名:特色花卉小品种     索取号:S629.4/2         预约/预借

序号 登录号 条形码 馆藏地/架位号 状态 备注
1 379095   210012136   中心书库中库/ 中库032架B面2列1层26/ [索取号:S629.4/2] 在馆    
2 379096   210012145   中心书库中库/ 中库032架B面2列1层23/ [索取号:S629.4/2] 在馆    
3 379097   210012163   中心书库中库/ 中库032架B面2列1层25/ [索取号:S629.4/2] 在馆    
4 379098   210012154   中心书库中库/ 中库032架B面2列1层24/ [索取号:S629.4/2] 在馆    
5 379099   210012181   中心书库中库/ 中库032架B面2列1层28/ [索取号:S629.4/2] 在馆    
6 379100   210012172   中心书库中库/ 中库032架B面2列1层21/ [索取号:S629.4/2] 在馆    
7 379101   210012207   中心书库中库/ 中库032架B面2列1层20/ [索取号:S629.4/2] 在馆    
8 379102   210012190   中心书库中库/ 中库032架B面2列1层19/ [索取号:S629.4/2] 在馆    
9 379103   210012225   中心书库中库/ 中库032架B面2列1层18/ [索取号:S629.4/2] 在馆    
10 379104   210012216   中心书库中库/ 中库032架B面2列1层22/ [索取号:S629.4/2] 在馆    
山东省滨州职业学院图书馆 欢迎您!
大连网信软件有限公司© 版权所有